Charter Mark : what to expect for building control (Record no. 69895)

MARC details
000 -LEADER
fixed length control field 01016cam a2200229 4500
001 - CONTROL NUMBER
control field ABS65284
008 - FIXED-LENGTH DATA ELEMENTS--GENERAL INFORMATION
fixed length control field 020403n2002 000 0 eng u
035 ## - SYSTEM CONTROL NUMBER
System control number (Sirsi) u117321
100 ## - MAIN ENTRY--PERSONAL NAME
Personal name Phillips, A.
245 ## - TITLE STATEMENT
Title Charter Mark : what to expect for building control
260 ## - PUBLICATION, DISTRIBUTION, ETC.
Date of publication, distribution, etc. 2002
490 ## - SERIES STATEMENT
Series statement Building Engineer
Volume/sequential designation March 2002, 24-27(4)
520 ## - SUMMARY, ETC.
Summary, etc. Provides guidance for local authority Building Control services considering making an application for the Charter Mark award. Lists and gives explainations of the ten criteria of the Charter Mark Standard. Recommends to first time applicants they visit the Charter Mark website at http://www.chartermark.gov.uk and the pdf file "Charter Mark the standard for customer service" which includes the Guide for Applicants 2002.
590 ## - LOCAL NOTE (RLIN)
Local note ABS
650 ## - SUBJECT ADDED ENTRY--TOPICAL TERM
Topical term or geographic name entry element CHARTER MARK AWARDS
650 ## - SUBJECT ADDED ENTRY--TOPICAL TERM
Topical term or geographic name entry element BUILDING CONTROL SERVICES
650 ## - SUBJECT ADDED ENTRY--TOPICAL TERM
Topical term or geographic name entry element LOCAL AUTHORITIES
650 ## - SUBJECT ADDED ENTRY--TOPICAL TERM
Topical term or geographic name entry element PUBLIC SERVICES
650 ## - SUBJECT ADDED ENTRY--TOPICAL TERM
Topical term or geographic name entry element STANDARDS
690 ## - LOCAL SUBJECT ADDED ENTRY--TOPICAL TERM (OCLC, RLIN)
Topical term or geographic name as entry element QUALITY ASSURANCE
942 ## - ADDED ENTRY ELEMENTS (KOHA)
Suppress in OPAC 0
Holdings
Withdrawn status Lost status Source of classification or shelving scheme Damaged status Not for loan Home library Current library Shelving location Date acquired Total Checkouts Full call number Barcode Date last seen Copy number Price effective from Koha item type
    Dewey Decimal Classification     London London Journal article 03/04/2002   ABS65284 117321-1001 06/08/2019 1 06/08/2019 Journal article